Treating Childhood Depression with Contextual Emotion Regulation Theraphy (Record no. 87369)
[ view plain ]
| 000 -LEADER | |
|---|---|
| fixed length control field | 00748nam a22002657a 4500 |
| 003 - CONTROL NUMBER IDENTIFIER | |
| control field | URS |
| 005 - DATE AND TIME OF LATEST TRANSACTION | |
| control field | 20251022142536.0 |
| 008 - FIXED-LENGTH DATA ELEMENTS--GENERAL INFORMATION | |
| fixed length control field | 251013b ||||| |||| 00| 0 eng d |
| 020 ## - INTERNATIONAL STANDARD BOOK NUMBER | |
| International Standard Book Number | 9781462552375 |
| 040 ## - CATALOGING SOURCE | |
| Transcribing agency | URS |
| 050 ## - LIBRARY OF CONGRESS CALL NUMBER | |
| Classification number | RJ506 |
| Item number | .D4.K883 2023 |
| 100 ## - MAIN ENTRY--PERSONAL NAME | |
| Personal name | Kovacs, Maria |
| 245 ## - TITLE STATEMENT | |
| Title | Treating Childhood Depression with Contextual Emotion Regulation Theraphy |
| 264 ## - PRODUCTION, PUBLICATION, DISTRIBUTION, MANUFACTURE, AND COPYRIGHT NOTICE | |
| Place of production, publication, distribution, manufacture | New York |
| Name of producer, publisher, distributor, manufacturer | The Guilford Press |
| Date of production, publication, distribution, manufacture, or copyright notice | ©2023 |
| 300 ## - PHYSICAL DESCRIPTION | |
| Extent | 328 pages.,: |
| Dimensions | 25 cm. |
| 336 ## - CONTENT TYPE | |
| Source | rdacontent |
| Content type term | text |
| 337 ## - MEDIA TYPE | |
| Source | rdamedia |
| Media type term | unmediated |
| 338 ## - CARRIER TYPE | |
| Source | rdacarrier |
| Carrier type term | volume |
| 650 #0 - SUBJECT ADDED ENTRY--TOPICAL TERM | |
| Topical term or geographic name entry element | Deppresive Disorder |
| General subdivision | Theory |
| 650 #0 - SUBJECT ADDED ENTRY--TOPICAL TERM | |
| Topical term or geographic name entry element | Child |
| 650 #0 - SUBJECT ADDED ENTRY--TOPICAL TERM | |
| Topical term or geographic name entry element | Emotional regulation |
| 650 #0 - SUBJECT ADDED ENTRY--TOPICAL TERM | |
| Topical term or geographic name entry element | Psychotherapy |
| General subdivision | Methods |
| 650 #0 - SUBJECT ADDED ENTRY--TOPICAL TERM | |
| Topical term or geographic name entry element | Depression |
| 942 ## - ADDED ENTRY ELEMENTS (KOHA) | |
| Source of classification or shelving scheme | Library of Congress Classification |
| Koha item type | Foreign Books |
| Withdrawn status | Source of classification or shelving scheme | Damaged status | Not for loan | Collection code | Home library | Current library | Date acquired | Total Checkouts | Full call number | Barcode | Date last seen | Price effective from | Koha item type |
|---|---|---|---|---|---|---|---|---|---|---|---|---|---|
| Library of Congress Classification | Non-fiction | Morong College Library | Morong College Library | 10/13/2025 | RJ506 .D4.K883 2023 | URSMOR-CL-30741 | 10/13/2025 | 10/13/2025 | Foreign Books |